00855nam a2200289Ia 4500008004000000020001800040041000800058082001500066100002100081245005900102250000500161260006700166300001200233650001500245650001600260650000700276650000700283650001400290650001300304650000800317650000700325690001500332700002400347906001100371999001900382952016400401210210b2014 xxu||||| |||| 00| 0 eng d a9780070667075 aeng a519.5 LINS aLIND (Douglas A) aStatistical techniques in business and economics Ed 13 a aNew DelhibMcGraw Hill Education (India) Private Limitedc2014 axix,860 atechniques aStatistical ain aEd aeconomics abusiness aand a13 aStatistics aMARCHAL (William G) a070895 c120362d120362 001040708EconomicsaALbALcStatisticsd2021-02-17eBiblios Book Point, Surathkal-575014g820.00l0o519.5 LINSp070895r2021-02-17 00:00:00w2021-02-17yBK